[Event "Villa Martelli Jose Rubinstein op 18th"]
[Site "Villa Martelli"]
[Date "2017.11.18"]
[Round "2.2"]
[White "Fuentes, Diego"]
[Black "Godoy, Luciano"]
[Result "0-1"]
[WhiteElo "1564"]
[BlackElo "2124"]
[PlyCount "58"]
[EventDate "2017.11.17"]
[EventType "swiss"]
[EventRounds "7"]
[EventCountry "ARG"]
[SourceTitle "EXT 2024"]
[Source "ChessBase"]
[SourceDate "2023.10.10"]
[SourceVersion "1"]
[SourceVersionDate "2023.10.10"]
[SourceQuality "1"]

1. e4 c5 2. Nf3 e6 3. d4 cxd4 4. Nxd4 a6 5. Nc3 b5 6. Be3 Bb7 7. f3 Qc7 8. a3 Nf6 9. Be2 d5 10. exd5 Nxd5 11. Nxd5 Bxd5 12. Rc1 Bd6 13. Nf5 Be5 14. c3 0-0 15. Bd4 exf5 16. Bxe5 Qxe5 17. 0-0 Bc4 18. Bxc4 bxc4 19. Re1 Qb5 20. Qc2 Nc6 21. a4 Qc5+ 22. Kh1 Rfd8 23. f4 Rd3 24. Qe2 g6 25. h4 Rad8 26. Qf1 Qd5 27. Kh2 Rd2 28. Re2 Rxe2 29. Qxe2 Qd3 0-1

[Event "Villa Martelli ProAm op 24th"]
[Site "Villa Martelli"]
[Date "2017.10.04"]
[Round "5"]
[White "Cristal, Ariel"]
[Black "Fuentes, Diego"]
[Result "1-0"]
[WhiteElo "1775"]
[BlackElo "1571"]
[PlyCount "87"]
[EventDate "2017.10.01"]
[EventType "swiss"]
[EventRounds "9"]
[EventCountry "ARG"]
[SourceTitle "CBM 181 Extra"]
[Source "ChessBase"]
[SourceDate "2017.12.12"]
[SourceVersion "1"]
[SourceVersionDate "2017.12.12"]
[SourceQuality "1"]

1. e4 e5 2. Nf3 Nc6 3. Bc4 Bc5 4. Nc3 d6 5. d3 h6 6. Be3 Bg4 7. h3 Bxe3 8. fxe3 Bxf3 9. Qxf3 Qh4+ 10. g3 Qf6 11. 0-0 Qxf3 12. Rxf3 Nf6 13. Raf1 Na5 14. Nd5 Nxc4 15. Nxf6+ gxf6 16. dxc4 Rh7 17. Rxf6 Ke7 18. R6f2 Rg8 19. Kh2 h5 20. Rg2 f6 21. Rfg1 Rhg7 22. g4 h4 23. Rd2 b6 24. Rf2 Rg5 25. Rf5 Ke6 26. Rgf1 R8g6 27. Rxg5 Rxg5 28. Rf5 c6 29. Kg2 a6 30. Kf3 a5 31. Ke2 c5 32. Kd3 a4 33. Kc3 Ke7 34. a3 Ke6 35. Rxg5 fxg5 36. b3 axb3 37. Kxb3 Kd7 38. Ka4 Kc6 39. c3 Kb7 40. Kb5 Kc7 41. Ka6 Kc6 42. a4 Kc7 43. Ka7 Kc6 44. Kb8 1-0

[Event "Latin Cup-A 6th"]
[Site "Buenos Aires"]
[Date "2015.03.21"]
[Round "4"]
[White "Fuentes, Diego"]
[Black "Uelf, Maximiliano"]
[Result "0-1"]
[WhiteElo "1570"]
[BlackElo "2207"]
[PlyCount "86"]
[EventDate "2015.03.19"]
[EventType "swiss"]
[EventRounds "9"]
[EventCountry "ARG"]
[SourceTitle "CBM 165 Extra"]
[Source "ChessBase"]
[SourceDate "2015.04.21"]
[SourceVersion "1"]
[SourceVersionDate "2015.04.21"]
[SourceQuality "1"]

1. e4 b6 2. d4 Bb7 3. d5 Nf6 4. Nc3 e6 5. Bg5 Be7 6. Bxf6 Bxf6 7. dxe6 fxe6 8. Qh5+ g6 9. Qg4 0-0 10. Nge2 Nc6 11. 0-0-0 Ne5 12. Qg3 Qe7 13. f4 Nc4 14. Nd4 Qb4 15. Bxc4 Qxc4 16. e5 Bg7 17. h4 Bh6 18. Rhf1 Rf7 19. Qh2 Raf8 20. g3 d6 21. exd6 e5 22. Qe2 Qxe2 23. Ndxe2 cxd6 24. Rxd6 exf4 25. Nxf4 Rxf4 26. gxf4 Bxf4+ 27. Rxf4 Rxf4 28. Rd8+ Kg7 29. Rd7+ Rf7 30. Rd4 Kh6 31. Nb5 Rf5 32. c4 a6 33. Nd6 Rf1+ 34. Kd2 Bc6 35. Ne4 Rf4 36. Ke3 Rxh4 37. b4 Kg7 38. c5 bxc5 39. bxc5 h5 40. Ng5 Rxd4 41. Kxd4 Kf6 42. Ne4+ Bxe4 43. Kxe4 Ke6 0-1